000 00700nam a2200253#a 4500
001 00729
003 HDC
007 ta
008 230623s2003 xx 000 0 eng d
020 _a1675-2465 (pbk.)
040 _aHDC
050 _aTM BP 184.9
_b.H35 2003
245 0 _aHalal pages 2003/2004
264 _aKuala Lumpur :
_bTelekom Publications,
_c2003
300 _av. :
_b col. ill. ;
_c 28 cm.
650 _aConsumer protection
_zMalaysia
_vPeriodicals
650 _aFood industry and trade
_zMalaysia
_vPeriodicals
650 _aFood
_xReligious aspects
_vPeriodicals
700 _aTelekom Publications
942 _2lcc
942 _cBK
942 _kTM BP 184.9
942 _m.H35 2003
999 _c22344
_d22344